000 00812nam a2200193Ia 4500
003 GCL
008 140319s9999 xx 000 0 ara d
040 _aGCL /
_cGCL
082 0 4 _aد
_b050
_bم ن
100 1 _aمسعود ضاهر
245 1 0 _aالنهضة العربية و النهضة اليابانية : تشابة المقدمات و اختلاف النتائج(عالم المعرفة252) /
_cمسعود ضاهر
260 _aالكويت :
_bالمجلس الوطنى للثقافة والفنون والاداب ،
_c1999
300 _a399 ص ؛
_c20 سم
490 _aعالم المعرفة
_v252
650 0 4 _aالاحوال الاقتصادية
650 0 4 _aالعلاقات الاقتصادية الدولية
650 0 4 _aالنهضة - البلدان العربية
942 _2ddc
_cBK
999 _c44119
_d44119